000 00590nam a2200229Ia 4500
008 160901s9999 xx 000 0 und d
020 _a1-4188-3719-9
050 _aComSc QA 76.76
050 _b.O63P35 2007
100 _aPalmer, Michael.
245 _aGuide to operating systems /
245 _cMichael Palmer, Michael Walters.
260 _aAustralia :
260 _bThomson Course Tech.,
260 _c2007
300 _a697 pages :
300 _bill. ;
300 _c24 cm.
300 _eCD-ROM
500 _aIncludes index.
650 _aOperating Systems (Computer).
999 _c300897
_d300897